Statistics for They Dont Know About Us - One Direction (Lyrics)

Click here to take the quiz!

General Stats

  • This quiz has been taken 3,583 times
  • The average score is 9 of 15

Answer Stats

HintAnswer% Correct
We're too _____ to know about foreveryoung
100%
People say we shouldn’t be ______together
99%
So I don’t _____ wait any longerwanna
87%
'Cause this _____ is only getting _____love, stronger
77%
_____ don’t know about the _____ we dothey, things
74%
They would just be _____ of us,jealous
68%
They don’t know about the _____"I love you"'s
64%
But I _____ you if they only _____bet, knew
57%
They don’t know I've _____ ___ __ ____waited all my life
46%
They don’t know about the __ ___ _____up all nights
45%
Just to find a ___ that feels ____ _____love, this right
44%
They don’t know what _____ done to my _____you've, heart
39%
____ ____ ____ ____ ____, they don’t know about usBaby they don’t know about
33%
They don’t know how _____ ___ ___special you are
27%
I just wanna tell the _____ that you're mine _____world, mine
10%

Score Distribution

Percentile by Number Answered

Percent of People with Each Score

Your Score History

You have not taken this quiz